The Mandalorian Season 1 Characters - Statistics

General Stats
  • This quiz has been taken 364 times
    238 since last reset
  • The average score is 11 of 23
Answer Stats
Hint Appearances Answer % Correct
50 year old infant 1-8 Grogu
99%
The main character 1-8 The Mandalorian
95%
Above’s real name 1-8 Din Djarin
90%
Has the Darksaber 7,8 Moff Gideon
82%
Former Rebel shocktrooper 4,7,8 Cara Dune
76%
Bounty hunter droid 1,7,8 IG11
74%
Repairs Mandalorian armour 1,3,8 The Armorer
63%
Leader of the Bounty Hunter’s Guild 1,3,6,7,8 Greef Karga
60%
Ugnaught 1,2,7,8 Kuiil
59%
Assassin 5 Fennec Shand
53%
Mandalorian warrior 3 Paz Vizla
45%
Mechanic on Tatooine 5 Peli Motto
36%
Imperial scientist 1,3 Dr Pershing
34%
Former Imperial sharpshooter 6 Migs Mayfeld
34%
Imperial who wants The Child 1,3,7 The Client
33%
Droid of the group 6 Zero
24%
Young bounty hunter 5 Toro Calican
21%
Former love of The Mandalorian 6 Xi’an
21%
Farmer 4 Omera
19%
Above’s daughter 4 Winta
18%
Twi’lek rescued 6 Qin
17%
The muscle of the group 6 Burg
16%
Leader of a group of mercenaries 6 Ranzar Malk
12%
No matching quizzes found
Score Distribution
Percent of People with Each Score
Percentile by Number Answered
Your Score History
You have not taken this quiz since the last reset